00487nam a2200169Ia 450000500170000000800410001704000190005804100120007708200160008910000190010524500500012426000510017430000250022550400360025065000210028685000100030720221028142809.0131103s9999 xx 000 0 und d aLoreto College aEnglish a954.02bPRA aPrasad,Ishwari 4aThe life and times of HumayuncIshwari Prasad aBombaybOrient Longmansc1955 (reprinted 1956) a416 p.b plates,maps aIncludes index and bibliography aMedieval History aLCLIB